Lying Is The Most Fun... - Panic! At The Disco - All Lyrics - Statistics

General Stats
  • This quiz has been taken 161 times
  • The average score is 390 of 449
Answer Stats
Answer % Correct
you
100%
a
99%
I
99%
be
98%
me
98%
Oh,
98%
the
96%
and
95%
And
95%
beat
95%
beat,
95%
boy
95%
he
95%
Is
95%
is
95%
Then
95%
to
95%
boys
94%
dance
94%
Dance
94%
get
94%
Girl,
94%
girls
94%
girls:
94%
in
94%
make
94%
this
94%
beating
93%
heart
93%
hearts
93%
it
93%
it,
93%
let
93%
Let's
93%
let's
93%
Let’s
93%
love
93%
sweat?
93%
sweat,
93%
who
93%
faster,
92%
faster!
92%
faster
92%
harlequin
92%
makes
92%
of
92%
these
92%
think
92%
will
92%
Will
92%
your
92%
hold
90%
bed
89%
teen
89%
that
89%
When
89%
about
88%
Am
88%
close?
88%
close
88%
lights
87%
lover
87%
So,
87%
still
87%
testosterone
87%
are
86%
better
86%
was
84%
always
83%
hope
83%
know
83%
off
83%
off?
83%
touch
83%
touch,
83%
worth
83%
did
82%
Did
82%
dim
82%
God
82%
just
82%
No,
82%
no,
82%
fuck
81%
seat
81%
we
81%
We
81%
what
81%
as
80%
kiss,
80%
my
80%
how
78%
body
77%
dress?
77%
got
77%
hands
77%
shaking
77%
you'll
77%
you're
77%
ever
76%
passenger
76%
hotter
75%
meet,
75%
sweetie,
75%
we're
75%
were
75%
Where
75%
where
75%
any
73%
heat
73%
now
72%
Now,
72%
sliding
72%
wit,
72%
Exchanging
70%
had
70%
racing
70%
deserving
69%
fingers
69%
guess
69%
Than
69%
all
66%
back
66%
do
66%
more
66%
getting
65%
I'd
65%
part
65%
I've
64%
last
64%
really
64%
stomach
64%
focus
63%
past
63%
acid
60%
look
60%
thought
59%
us
59%
chorus?
58%
kill
58%
left
58%
not
58%
recall
57%
lost
55%
sets
55%
train
55%
way
55%
cameraman,
54%
finds
54%
attention
53%
his
52%
sick
52%
swing
49%
shock
48%
selfish
47%
new
43%
expect
42%
skin
42%
didn't
41%
case
36%
No matching quizzes found
Score Distribution
Percent of People with Each Score
Percentile by Number Answered
Your Score History
You have not taken this quiz